A tekintetes vármegye igaz történetek

Podrobná bibliografia
Hlavný autor: Mikszáth, Kálmán, 1847-1910 (Autor)
Médium: Kniha
Jazyk:maďarčina
Fyzický popis:172 s. 8°
Vydavateľské údaje: Budapest Révai Testvérek 1896
Vydanie:4. kiad.
Edícia:Mikszáth Kálmán munkái

MARC

LEADER 00000nam a2200000 a 4500
001 vtls001357121
003 SK-MaSNL
005 20260301200952.0
008 251113s1896 HU 0 hun
035 |a SNK000310614 
040 |a SNK  |b slo  |c SNK  |e AACR2 
041 0 |a hun 
044 |a HU 
100 1 |a Mikszáth, Kálmán,  |d 1847-1910  |4 aut  |9 89516 
245 1 0 |a A tekintetes vármegye  |b igaz történetek  |c Mikszáth Kálmán 
250 |a 4. kiad. 
260 |a Budapest  |b Révai Testvérek  |c 1896 
300 |a 172 s.  |c 8° 
490 1 |a Mikszáth Kálmán munkái  |v 1 
830 0 |a Mikszáth Kálmán munkái  |9 292522 
958 |a RK 
999 |c 892863  |d 894793 
952 |a SNK  |b SNK  |y VYP  |7 0  |p 17A0478213  |o snkIC 114606  |i snkK 436/90  |8 3  |0 0  |1 0  |4 0  |d 1999-03-09  |l 0  |r 2005-01-02 00:00:00  |w 2026-02-24